American Dad! Quiz - Statistics

General Stats
  • This quiz has been taken 138 times
  • The average score is 10 of 14
Answer Stats
Question Answer % Correct
For which organisation does Stan work? CIA
97%
What are the names of Steve's friends? Snot, Barry, and Toshi
97%
Which one of Roger's personas wears a red leather vest and long ponytail? Ricky Spanish
92%
Who is Greg married to? Terry
91%
Francine has one sibling. Which one is it? Gwen
87%
What is Steve's full name? Steven Anita Smith
86%
Who voices Avery Bullock? Patrick Stewart
75%
What does Jack Smith do for a living? Thief
74%
Aside from Steve, which character is discovered to have a lovely singing voice? Hayley
71%
In the later seasons, who does Klaus have a crush on? Danuta
67%
What is the name of Roger's bar? Roger's Place
59%
What is the name of Greg and Terry's baby? Liberty Belle
53%
Steve was a member of the boy band Boyz 12. When they sing the song 'Girl You Need A Shot (of B12)', which number is Steve presented as? B6
47%
What is Francine's maiden name? Ling
44%
No matching quizzes found
Score Distribution
Percent of People with Each Score
Percentile by Number Answered
Your Score History
You have not taken this quiz